Normal view
MARC view
Entry Personal Name
001 - CONTROL NUMBER
- control field: 6056
003 - CONTROL NUMBER IDENTIFIER
- control field: BD-RjUL
005 - DATE AND TIME OF LATEST TRANSACTION
- control field: 20221128162932.0
008 - FIXED-LENGTH DATA ELEMENTS
- fixed length control field: 221128|| aca||aabn | a|a d
040 ## - CATALOGING SOURCE
- Original cataloging agency: BD-RjUL
- Transcribing agency: BD-RjUL
100 ## - HEADING--PERSONAL NAME
- Personal name: Hashem, Md. Abdul, Supervisor
670 ## - SOURCE DATA FOUND
- Source citation: Work cat.: (BD-RjUL)80856: Faruk, Md. Omar 6054, Analysis and modelling of seismic surface wave for studying the crustal structure of the South-Eastern region of Bangladesh /, 2011